NBA Players By Letter - I - Statistics

General Stats
  • This quiz has been taken 592 times
  • The average score is 5 of 6
Answer Stats
First Name Surname Team % Correct
Kyrie Irving Cleveland Cavaliers
99%
Serge Ibaka Orlando Magic
97%
Brandon Ingram Los Angeles Lakers
87%
Andre Iguodala Golden State Warriors
85%
Joe Ingles Utah Jazz
76%
Ersan Ilyasova Philadelphia 76ers
56%
No matching quizzes found
Score Distribution
Percent of People with Each Score
Percentile by Number Answered
Your Score History
You have not taken this quiz